[Event "BUL-chT2"]
[Site "Sunny Beach"]
[Date "2014.09.20"]
[Round "2.4"]
[White "Genov, Petko"]
[Black "Velikov, Vladimir"]
[Result "1-0"]
[WhiteElo "2272"]
[BlackElo "1883"]
[PlyCount "87"]
[EventDate "2014.09.19"]
[EventType "team-swiss"]
[EventRounds "7"]
[EventCountry "BUL"]
[SourceTitle "EXT 2015"]
[Source "ChessBase"]
[SourceDate "2014.11.20"]
[SourceVersion "1"]
[SourceVersionDate "2014.11.20"]
[SourceQuality "1"]
[WhiteTeam "Pazardzhik"]
[BlackTeam "Ruse Pristis"]
[WhiteTeamCountry "BUL"]
[BlackTeamCountry "BUL"]

1. d4 Nf6 2. c4 e5 3. dxe5 Ng4 4. Nh3 Nxe5 5. e3 Bc5 6. Nf4 0-0 7. Be2 a5 8. 0-0 Ng6 9. Nxg6 hxg6 10. Nc3 d6 11. b3 Qh4 12. Bb2 Be6 13. Nd5 Na6 14. a3 g5 15. g3 Qh6 16. Bd4 c6 17. Bxc5 Nxc5 18. Nc3 Rad8 19. b4 axb4 20. axb4 Na6 21. Rb1 f6 22. Qd4 Kf7 23. f4 Rh8 24. Rf2 gxf4 25. exf4 Bf5 26. Bd3 Bxd3 27. Qxd3 Rhe8 28. Re2 Qg6 29. Qxg6+ Kxg6 30. Kf2 Rxe2+ 31. Kxe2 d5 32. cxd5 cxd5 33. Nb5 Rh8 34. h4 Kf5 35. Kf3 Rd8 36. Nd4+ Kg6 37. f5+ Kf7 38. Rc1 Rd7 39. b5 Nb4 40. Rc3 g6 41. b6 Nc6 42. Nxc6 bxc6 43. Rxc6 g5 44. Rc7 1-0

[Event "Sunny Beach op-C 13th"]
[Site "Sunny Beach"]
[Date "2014.09.09"]
[Round "4"]
[White "Velikov, Vladimir"]
[Black "Bocheva, Margarita"]
[Result "1-0"]
[WhiteElo "1883"]
[BlackElo "1775"]
[PlyCount "35"]
[EventDate "2014.09.06"]
[EventType "swiss"]
[EventRounds "9"]
[EventCountry "BUL"]
[SourceTitle "CBM 162 Extra"]
[Source "ChessBase"]
[SourceDate "2014.10.17"]
[SourceVersion "1"]
[SourceVersionDate "2014.10.17"]
[SourceQuality "1"]

1. e4 c5 2. Nf3 a6 3. c3 e6 4. d4 cxd4 5. cxd4 d6 6. Nc3 Be7 7. Be3 Nf6 8. h3 0-0 9. Bd3 Nbd7 10. 0-0 h6 11. Rc1 b5 12. e5 Ne8 13. Bb1 f5 14. g4 fxg4 15. Qd3 Ndf6 16. exf6 Nxf6 17. hxg4 Qe8 18. Ne4 1-0

[Event "BUL-ch sf 76th"]
[Site "Plovdiv"]
[Date "2012.02.10"]
[Round "7"]
[White "Ljangov, Petar"]
[Black "Velikov, Vladimir"]
[Result "1-0"]
[WhiteElo "2101"]
[BlackElo "1844"]
[PlyCount "49"]
[EventDate "2012.02.06"]
[EventType "swiss"]
[EventRounds "9"]
[EventCountry "BUL"]
[SourceTitle "CBM 146 Extra"]
[Source "ChessBase"]
[SourceDate "2012.02.29"]
[SourceVersion "1"]
[SourceVersionDate "2012.02.29"]
[SourceQuality "1"]

1. e4 c5 2. Nf3 a6 3. g3 d6 4. Bg2 g6 5. 0-0 Bg7 6. d3 Nc6 7. Nc3 e6 8. Be3 Nd4 9. h3 Ne7 10. Qd2 0-0 11. Bh6 Nec6 12. Bxg7 Nxf3+ 13. Bxf3 Kxg7 14. Bg2 Nd4 15. Nd1 e5 16. c3 Ne6 17. Kh2 f5 18. exf5 gxf5 19. f4 exf4 20. gxf4 Rf6 21. Ne3 Rb8 22. Qf2 b5 23. a3 Bb7 24. Bxb7 Rxb7 25. Qg2+ 1-0

[Event "BUL-ch sf"]
[Site "Plovdiv"]
[Date "2010.01.27"]
[Round "6"]
[White "Stankovski, Marin"]
[Black "Velikov, Vladimir"]
[Result "0-1"]
[WhiteElo "1731"]
[BlackElo "1843"]
[PlyCount "60"]
[EventDate "2010.01.24"]
[EventType "swiss"]
[EventRounds "9"]
[EventCountry "BUL"]
[SourceTitle "CBM 134 Extra"]
[Source "ChessBase"]
[SourceDate "2010.03.03"]
[SourceVersion "1"]
[SourceVersionDate "2010.03.03"]
[SourceQuality "1"]

1. f4 e5 2. fxe5 d6 3. exd6 Bxd6 4. Nf3 g5 5. g3 g4 6. Nh4 Nf6 7. d4 Ne4 8. Qd3 Qe7 9. Bg2 Nf6 10. Bg5 h6 11. Bxf6 Qxf6 12. Nd2 Nc6 13. c3 Bd7 14. Ne4 Qe7 15. Nxd6+ Qxd6 16. Nf5 Qf6 17. Be4 Qg5 18. Rf1 0-0-0 19. e3 Rhe8 20. 0-0-0 Ne7 21. Rde1 Ng8 22. Kb1 Nf6 23. Bh1 Kb8 24. e4 Bxf5 25. Rxf5 Qxf5 26. exf5 Rxe1+ 27. Kc2 Rxh1 28. Qe3 Rxh2+ 29. Kb3 Re8 30. Qd3 Ree2 0-1

[Event "Albena op"]
[Site "Albena"]
[Date "2009.06.28"]
[Round "9"]
[White "Arnaudov, Petar"]
[Black "Velikov, Vladimir"]
[Result "1-0"]
[WhiteElo "2199"]
[BlackElo "1857"]
[PlyCount "54"]
[EventDate "2009.06.20"]
[EventType "swiss"]
[EventRounds "9"]
[EventCountry "BUL"]
[SourceTitle "CBM 130 Extra"]
[Source "ChessBase"]
[SourceDate "2009.07.02"]
[SourceVersion "2"]
[SourceVersionDate "2009.07.15"]
[SourceQuality "1"]

1. Nf3 Nf6 2. g3 g6 3. b4 Bg7 4. Bb2 0-0 5. c4 d6 6. Bg2 e5 7. d3 Nbd7 8. Nbd2 Re8 9. Qc2 Nf8 10. c5 Nh5 11. e4 f5 12. Nc4 f4 13. 0-0-0 b5 14. Na5 Be6 15. d4 exd4 16. Nxd4 Bxa2 17. Ndc6 Qg5 18. h4 Qh6 19. Bxg7 Kxg7 20. Qb2+ Nf6 21. g4 g5 22. Qxa2 dxc5 23. e5 N6d7 24. Be4 gxh4 25. g5 Qh5 26. e6 Rxe6 27. Rxd7+ Kh8 1-0

[Event "Albena op"]
[Site "Albena"]
[Date "2009.06.24"]
[Round "5"]
[White "Kacakovski, Dimitar"]
[Black "Velikov, Vladimir"]
[Result "1-0"]
[WhiteElo "2190"]
[BlackElo "1857"]
[PlyCount "37"]
[EventDate "2009.06.20"]
[EventType "swiss"]
[EventRounds "9"]
[EventCountry "BUL"]
[SourceTitle "CBM 130 Extra"]
[Source "ChessBase"]
[SourceDate "2009.07.02"]
[SourceVersion "2"]
[SourceVersionDate "2009.07.15"]
[SourceQuality "1"]

1. e4 c5 2. d4 cxd4 3. c3 dxc3 4. Nxc3 d6 5. Bc4 g6 6. Nf3 Bg7 7. 0-0 Nf6 8. e5 Ng4 9. exd6 Qxd6 10. Qxd6 exd6 11. Nb5 Na6 12. Nxd6+ Ke7 13. Nxf7 Re8 14. Bf4 Be6 15. Rfe1 Kxf7 16. Ng5+ Kf6 17. Nxe6 Rac8 18. Bg5+ Kf7 19. Nc5+ 1-0

[Event "Teteven op 23rd"]
[Site "Teteven"]
[Date "2008.08.18"]
[Round "4"]
[White "Badev, Kiril"]
[Black "Velikov, Vladimir"]
[Result "1-0"]
[WhiteElo "2337"]
[BlackElo "1843"]
[PlyCount "75"]
[EventDate "2008.08.16"]
[EventType "swiss"]
[EventRounds "9"]
[EventCountry "BUL"]
[SourceTitle "CBM 126 Extra"]
[Source "ChessBase"]
[SourceDate "2008.11.05"]
[SourceVersion "1"]
[SourceVersionDate "2008.11.05"]
[SourceQuality "1"]

1. e4 c5 2. Nf3 a6 3. c3 d5 4. exd5 Qxd5 5. d4 Bg4 6. Be2 e6 7. 0-0 Nf6 8. Be3 cxd4 9. cxd4 Be7 10. Nc3 Qd8 11. h3 Bh5 12. g4 Bg6 13. Ne5 Nbd7 14. Bf3 Rb8 15. h4 Bb4 16. h5 Bxc3 17. hxg6 Nxe5 18. gxf7+ Kxf7 19. bxc3 Nxf3+ 20. Qxf3 Qd5 21. Qf4 Qe4 22. g5 Rbf8 23. c4 h6 24. Rab1 Qc6 25. d5 exd5 26. Rb6 hxg5 27. Qf5 Qc8 28. Qxc8 Rxc8 29. cxd5 Nxd5 30. Rxb7+ Kg6 31. Bd4 Rh4 32. Rd1 Rch8 33. Rxg7+ Kh6 34. Rd7 Rh7 35. Rxd5 Kg6 36. Be3 g4 37. Bf4 Rh1+ 38. Kg2 1-0

[Event "BUL-chT U18"]
[Site "Razgrad"]
[Date "2006.11.08"]
[Round "1.1"]
[White "Velikov, Vladimir"]
[Black "Krumov, Georgi"]
[Result "1-0"]
[WhiteElo "1808"]
[BlackElo "1844"]
[PlyCount "91"]
[EventDate "2006.11.08"]
[EventType "team"]
[EventRounds "7"]
[EventCountry "BUL"]
[SourceTitle "CBM 115 Extra"]
[Source "ChessBase"]
[SourceDate "2007.01.10"]
[SourceVersion "1"]
[SourceVersionDate "2007.01.10"]
[SourceQuality "1"]

1. c4 e5 2. Nc3 Nc6 3. g3 Nf6 4. Bg2 Be7 5. d3 0-0 6. e4 d6 7. Nge2 Bg4 8. h3 Bh5 9. Be3 Re8 10. 0-0 Qd7 11. a3 a6 12. b4 b6 13. Qc2 Rad8 14. Nd5 Nxd5 15. cxd5 Nb8 16. Rac1 Rc8 17. f4 f6 18. f5 c5 19. bxc5 bxc5 20. g4 Bf7 21. Rb1 Qc7 22. Qc4 Rf8 23. Rb3 Be8 24. a4 Qa5 25. Rfb1 Bd7 26. Nc3 Kh8 27. Rb6 Rfe8 28. Bf3 Bd8 29. Rxb8 Rxb8 30. Rxb8 Bb6 31. Rxe8+ Bxe8 32. Bd1 Bd7 33. Kg2 Bd8 34. Bd2 Qb6 35. Qb3 Qc7 36. Nb1 h6 37. Na3 Qa7 38. Nc4 Bc7 39. Ba5 Bb8 40. Qb6 Qxb6 41. Nxb6 Be8 42. Bb3 Bc7 43. Bc4 Bxa4 44. Bxa6 Be8 45. Nc4 Bb8 46. Bd8 1-0